[Event "FISU World University-ch 2020-KO"]
[Site "Online"]
[Date "2020.10.26"]
[Round "1"]
[White "Walter, Szymon"]
[Black "Sargsyan, Shant"]
[Result "0-1"]
[WhiteElo "2276"]
[BlackElo "2596"]
[Annotator "TA"]
[PlyCount "126"]
[EventDate "2020.10.26"]
[EventType "team-tourn"]
[SourceTitle "playchess.com"]
[Source "ChessBase"]
[SourceQuality "1"]

{[%evp 20,126,11,-6,15,-13,-20,-17,-7,-41,-45,-44,-37,-51,-17,-19,-31,-29,-25,-42,-42,-81,-77,-62,-43,-73,-37,-27,0,-18,-13,-33,-31,-30,-38,-92,-87,-92,-28,-27,-9,-17,0,-22,0,0,0,0,0,-49,-10,-36,-41,-95,-33,-112,0,0,0,0,0,0,0,-597,-533,-522,-499,-347,-260,-252,-128,-128,-128,-128,-128,-12828,-12828,-12830,-11779,-12836,-12827,-12837,-12837,-12837,-12838,-12840,-12839,-12840,-12840,-12841,-12841,-12841,-12841,-12845,-12844,-27999,-27999,-27999,-27999,-27999,-27999,-27993,-27993,-27996,-27995,-27996,-27994,-27999,-27995]} 1. e4 e5 2. Nf3 Nc6 3. Bb5 a6 4. Ba4 Nf6 5. O-O Nxe4 6. d4 b5 7. Bb3 d5 8. dxe5 Be6 9. Be3 Be7 10. Qe2 O-O 11. Rd1 Nc5 {[#] C81: Open Ruy Lopez: Keres Variation (9 Qe2).} 12. c4 $1 {[%mdl 512] And now Bxc5 would win.} Nxb3 $5 {[%mdl 4] A promising side line.} (12... bxc4 13. Bxc4) 13. axb3 b4 $5 {[%mdl 4] The position is equal. Exploring less charted territory.} 14. cxd5 Bxd5 {[#]} 15. Nbd2 $146 ({Predecessor:} 15. Rxa6 Rxa6 16. Qxa6 Qd7 17. Qb5 Rd8 18. Bc5 Bxc5 19. Qxc5 h6 20. h3 Qe6 21. Qe3 {0-1 (54) Shevchenko,K (2447)-Khalifman,A (2617) St Petersburg 2016}) 15... Qc8 16. Rac1 Rd8 17. Bc5 Bxc5 18. Rxc5 Qe6 19. Rdc1 h6 20. Qe3 Rd7 $1 21. h3 Rad8 22. Qf4 a5 (22... Bxf3 $5 23. Nxf3 Nd4 24. Nxd4 Rxd4 $15) 23. Kh2 Re8 24. Nc4 Qg6 25. Nh4 Qg5 26. Qxg5 hxg5 27. Nf5 (27. Rd1 $1 $15) 27... Bxc4 $1 $17 28. R1xc4 Nxe5 ({Black should play} 28... Rxe5 $17 29. Ne3 Rxc5 30. Rxc5 Nd4 31. Rxa5 Nxb3) 29. Rxc7 $11 Rxc7 30. Rxc7 $17 {[%mdl 4096] Endgame KRN-KRN} Nd3 31. Nd6 Rf8 32. Ra7 Nxf2 33. Rxa5 Rd8 34. Nb7 Rd1 35. Ra8+ Kh7 {Threatens to win with ...f5.} 36. Nc5 (36. Rd8 $15) 36... f5 (36... Rd5 $17 37. Rc8 g4 38. hxg4 Nxg4+ 39. Kg3 Ne5) 37. Kg3 {[#]} (37. Ne6 $1 $15) 37... Ne4+ ({Better is} 37... Rd2 $1 $17 38. Re8 Rxb2) 38. Nxe4 $11 {KRN-KR} Rd3+ 39. Kh2 fxe4 {KR-KR} 40. Re8 $1 e3 ({Resist} 40... Rxb3 41. Rxe4 Rxb2 42. Re6 $17) 41. Re6 $2 {[%mdl 8192]} (41. Kg3 $11 {and White is okay.}) 41... Rxb3 $19 42. Kg1 Kg8 43. Kf1 Kf7 ({Weaker is} 43... Rxb2 44. Rxe3 Kf7 45. Re5 $15) 44. Re4 Kf6 (44... Rxb2 $19 {White must now prevent ...Rf2+.} 45. Rxe3 Rc2) 45. Ke2 $17 Rxb2+ 46. Kxe3 {[#]} b3 $1 47. Rb4 $2 {[%mdl 8192] White does not recover from this.} (47. Kf3 $17) 47... Rxg2 $19 48. Kf3 Rb2 49. Kg3 Rb1 50. Kg2 Ke5 51. Kh2 Kd5 52. Rb7 Kc4 53. Rc7+ Kb4 54. Rb7+ Kc3 55. Rc7+ Kb2 56. Rxg7 Rc1 57. Rxg5 Rc4 {Black mates.} 58. Kg3 Kc2 59. Rb5 b2 60. Rxb2+ Kxb2 61. h4 Kc3 {( -> ...Kd3)} 62. h5 Kb4 63. Kf3 Kc5 {Av CentiPawn Loss W=-75/B=-33. Weighted=-62/-30} 0-1

[Event "FISU World University-ch 2020-KO"]
[Site "Online"]
[Date "2020.10.26"]
[Round "1"]
[White "Blandon, Luis Guillermo"]
[Black "Lu, Shanglei"]
[Result "0-1"]
[WhiteElo "2251"]
[BlackElo "2615"]
[Annotator "TA"]
[PlyCount "58"]
[EventDate "2020.10.26"]
[EventType "team-tourn"]
[SourceTitle "playchess.com"]
[Source "ChessBase"]
[SourceQuality "1"]

{[%evp 27,58,-31,-27,-37,-73,-78,-46,-162,-155,-248,-246,-251,-137,-185,-178,-177,-164,-162,-171,-192,-191,-172,-169,-309,-302,-370,-376,-370,-366,-367,-396,-744,-728]} 1. e4 c5 2. Nf3 d6 3. d4 cxd4 4. Nxd4 Nf6 5. Nc3 a6 6. Bg5 e6 7. f4 Qb6 8. Qd2 Qxb2 9. Rb1 Qa3 10. f5 Nc6 11. fxe6 fxe6 12. Nxc6 bxc6 13. e5 {13.e5 scores better than 13.Be2.} dxe5 14. Bxf6 gxf6 15. Be2 {B97: Sicilian Najdorf: Poisoned Pawn.} Qd6 16. Qe3 Qd4 (16... Qc5 $5 {[%cal Rc5e3]} 17. Qd2 (17. Bh5+ $2 Kd8 $19) 17... Qd4 18. Qxd4 exd4 $17) 17. Bh5+ (17. Qf3 $1 $15 Be7 18. Rd1 Qh4+ 19. g3) 17... Ke7 $19 18. Qf3 (18. Qxd4 $17 exd4 19. Na4) 18... Bh6 {[#] White must now prevent ...Bd2+.} 19. Ne2 {[#]} Qd5 $146 ({Black should play} 19... Bd2+ $19 20. Kd1 Qe3) ({Predecessor:} 19... Qe3 20. Qxc6 Bd7 21. Rb7 Rhd8 22. Qc4 Qc1+ 23. Kf2 Rac8 24. Qb3 Qxc2 25. Rd1 Qxb3 26. axb3 {0-1 (44) Guedon,S (2206)-Guliyev,N (2487) Montigny le Bretonneux 2010}) 20. Qa3+ Qd6 21. Qc3 {White wants to play Rd1.} Rb8 22. Rxb8 Qxb8 23. O-O Qb6+ 24. Kh1 a5 25. Bf3 (25. Qa3+ $142 c5 26. Qf3) 25... Ba6 26. Rd1 Rd8 27. Rxd8 Kxd8 28. g3 Qb4 {[#] Threatens to win with ...Bxe2.} 29. Kg2 $2 (29. a3 Qxc3 30. Nxc3) 29... Bxe2 {White did not feel at home in the position after the opening. Av CentiPawn Loss W=-55/B=-8. Weighted=-97/-3} 0-1

[Event "FISU World University-ch 2020-KO"]
[Site "Online"]
[Date "2020.10.26"]
[Round "1"]
[White "Navarrete Espi, Samuel"]
[Black "Ilyuchyk, Yana"]
[Result "1/2-1/2"]
[WhiteElo "2251"]
[BlackElo "2119"]
[Annotator "TA"]
[PlyCount "135"]
[EventDate "2020.10.26"]
[EventType "team-tourn"]
[SourceTitle "playchess.com"]
[Source "ChessBase"]
[SourceQuality "1"]

{[%evp 18,134,24,0,18,0,34,10,51,13,37,42,46,-52,-58,-42,0,-31,-28,-31,-28,-52,-18,-26,-21,-42,0,0,4,0,0,-23,18,12,97,99,100,101,97,97,97,97,97,95,95,88,95,88,86,83,97,69,97,89,66,0,36,0,0,0,0,0,0,0,0,0,0,0,0,0,15,15,15,15,29961,29964,29964,0,0,0,0,0,29972,29974,29974,29975,29974,29976,29981,29978,29985,29978,29981,29982,29982,29983,29983,0,0,0,0,0,0,0,0,0,0,0,0,0,0,0,0,0,0,0,0,0,0]} 1. e4 c5 2. Nf3 Nc6 3. d4 cxd4 4. Nxd4 Nf6 5. Nc3 d6 6. Be3 e5 7. Nf3 h6 8. Bc4 Be7 9. O-O O-O 10. Qe2 Bg4 {B56: Classical Sicilian: Unusual Lines.} 11. Rfd1 Qc8 12. Bb3 {[#]} Na5 $146 ({Predecessor:} 12... Rd8 13. Rd2 Na5 14. Nd5 Nxd5 15. Bxd5 Be6 16. Rad1 Nc4 17. Qxc4 Qxc4 18. Bxc4 Bxc4 {0-1 (32) Rojicek,V (2123)-Walek,M (2358) Frydek Mistek 2003}) 13. h3 Bh5 14. Nd5 Nxd5 15. Rxd5 (15. Bxd5 $14 Nc6 16. a4) 15... Nxb3 $15 16. axb3 f5 17. Qc4 Bf7 18. Qxc8 Rfxc8 19. Rb5 b6 20. exf5 Be8 21. Rd5 Bc6 22. Rd2 Be4 23. Ne1 Bxf5 24. Nd3 Kf7 25. c4 Bg5 (25... a5 $11) 26. Bxg5 $16 hxg5 27. Nb4 Ke6 28. Rad1 {aiming for g4.} Rd8 29. Nd5 Rac8 30. Ra1 Rd7 31. f3 b5 32. Ne3 bxc4 33. bxc4 Rc6 34. Ra5 Bg6 35. b4 a6 36. Rda2 ({White should play} 36. Rad5 $14) 36... Rb7 37. Rb2 Bd3 38. Rd2 Bxc4 39. Nxc4 Rxc4 40. Rxa6 Rd4 41. Rxd4 exd4 $11 {[%mdl 4096] Endgame KR-KR} 42. Ra5 Rxb4 43. Rxg5 d3 44. Kf2 Rd4 {Threatens to win with ...d2.} 45. Rg4 Kd5 $2 {[%mdl 8192]} (45... Rd5 $11 46. Ke1 d2+ 47. Kd1 Kf6) 46. Ke3 Rxg4 47. hxg4 $2 {K3P-K3P} (47. fxg4 Kc4 48. Kd2 Kd4 49. h4 Ke5 50. Kxd3 Kd5 51. h5 Ke5 52. g5) 47... Kc4 {...Kc3 is the strong threat.} 48. Kd2 Kd4 $1 49. g5 Kc4 $2 {[%mdl 8192]} (49... Ke5 $11) 50. f4 Kd4 51. f5 Ke5 {[#]} 52. g4 $1 d5 53. Kxd3 {K3P-KPP} d4 54. f6 gxf6 {KPP-KPP} 55. g6 Ke6 56. Kxd4 {KPP-KP} Ke7 {[#]} 57. Ke4 $2 (57. Kd5 $1 {mates} Kf8 58. Ke6 Kg7 59. Kf5 Kg8 60. Kxf6 Kh8 61. Kf5 Kg8 62. Kg5) 57... Kf8 {The position is equal.} 58. Kf4 Kg8 $1 59. Ke4 Kf8 60. Kf4 Kg8 $1 61. g5 fxg5+ 62. Kxg5 {KP-K} Kg7 63. Kf5 Kg8 64. Ke6 Kg7 65. Kf5 Kg8 66. Kf6 {Intending g7 and mate.} Kf8 67. g7+ Kg8 68. Kg6 {Black escapes into a draw. Av CentiPawn Loss W=1088/B=-78. Weighted=790/-82} 1/2-1/2

[Event "FISU World University-ch 2020-KO"]
[Site "Online"]
[Date "2020.10.26"]
[Round "1"]
[White "Bekturov, Tamerlan"]
[Black "Garidmagnai, Byambasuren"]
[Result "1-0"]
[WhiteElo "2244"]
[BlackElo "2369"]
[Annotator "TA"]
[PlyCount "131"]
[EventDate "2020.10.26"]
[EventType "team-tourn"]
[SourceTitle "playchess.com"]
[Source "ChessBase"]
[SourceQuality "1"]

{[%evp 9,131,4,51,13,51,20,35,39,39,30,35,29,29,4,6,0,0,4,30,28,51,43,56,37,44,36,46,33,49,57,71,68,84,31,50,41,58,64,79,74,79,52,51,60,54,47,51,56,62,58,64,58,70,63,72,72,96,96,96,96,96,96,96,96,96,96,137,137,137,135,133,119,134,142,134,75,113,74,121,126,139,0,0,0,8,0,0,0,8,7,154,7,8,0,212,8,8,0,0,0,8,7,1084,1118,697,0,0,0,0,0,0,0,0,0,0,0,0,0,29979,5065,29982,29983,29983,29984]} 1. d4 g6 2. Nf3 Bg7 3. e4 d6 4. Nbd2 e5 5. c3 Ne7 6. Bd3 {B06: Modern Defence.} O-O 7. O-O Nd7 8. dxe5 {White is slightly better.} Nxe5 9. Nxe5 dxe5 {[#]} 10. Nc4 $146 ({Predecessor:} 10. Nf3 Nc6 11. Be2 Rb8 12. b4 a6 13. a4 f5 14. b5 Qxd1 15. Rxd1 Na5 16. Ba3 {1-0 (53) Durand,J (1600)-Sherwood,R (1694) IECG email 2003}) 10... Be6 11. a4 Qd7 {Strongly threatening ...Rfd8.} 12. Qe2 Rad8 13. Bc2 Qc8 14. Be3 a6 15. b4 h6 16. Bc5 Rfe8 17. Rfd1 b6 18. Be3 f5 19. f3 f4 20. Bf2 g5 21. Bb3 (21. Bd3 $16) 21... Ng6 22. Nd2 Bxb3 23. Nxb3 Qe6 24. Nd2 Ra8 25. Qc4 Qxc4 26. Nxc4 Red8 27. a5 b5 28. Nb2 Bf8 29. Nd3 Kf7 30. Kf1 Ke6 31. Ke2 Bd6 32. Rac1 Rab8 33. c4 bxc4 34. Rxc4 Ne7 35. h4 Rg8 36. hxg5 Rxg5 37. Rh1 h5 38. Kf1 Rbg8 39. Rh2 Kd7 40. Bh4 R5g6 41. Bxe7 $1 Kxe7 {[#]} 42. Rc6 (42. Rxh5 $6 Rxg2 43. Nxe5 Rg1+ 44. Ke2 R8g2+ 45. Kd3 Rd1+ 46. Kc3 Rc1+ 47. Kb3 Rb1+ 48. Kc3 Rc1+ 49. Kb3 Rb1+ 50. Ka3 Ra1+ 51. Kb3 Rb1+ $11) (42. Nc5 $142 $1) 42... Rg5 43. Rxa6 Rb8 44. Rc6 Bxb4 45. Nxb4 (45. Rxc7+ $16 Kd6 46. Rh7) 45... Rxb4 $11 46. Rxc7+ $16 {[%mdl 4096] Endgame KRR-KRR} Kd6 47. Rh7 Rb1+ 48. Ke2 Rb2+ 49. Kd3 {Black should prevent Rh6+.} Rbxg2 (49... Rgxg2 $11 50. Rxg2 (50. R2xh5 Rgd2+ 51. Kc3 Rdc2+ 52. Kd3 Rd2+ 53. Kc4 Rdc2+ 54. Kd3 Rd2+ $11) 50... Rxg2) 50. Rxg2 ({Much worse is} 50. R2xh5 $6 Rxh5 51. Rxh5 Rf2 $11) (50. R7xh5 $16 {aiming for Kc4.} Rxh5 51. Rxg2) 50... Rxg2 $11 {KR-KR} 51. Rh6+ Kd7 $2 (51... Kc5 $11 {and Black has nothing to worry.} 52. Rxh5 Rf2 53. Rxe5+ Kd6 54. Rd5+ Ke6) 52. Rxh5 $2 (52. a6 $18 {Threatens to win with Rh8.} Kc7 53. Kc4 (53. Rxh5 Rg3 $16)) 52... Rf2 $1 53. Rxe5 Rxf3+ 54. Kc4 Ra3 55. Kb4 Re3 $2 {[%mdl 8192]} (55... Ra1 $11) 56. a6 $18 {Intending a7 and mate.} Kc7 {[#]} 57. a7 $2 ({White must play} 57. Re7+ $1 $18 Kb8 58. Kc5) 57... Kb7 $11 58. Re7+ Ka8 59. Kc5 {And now Kd4 would win.} f3 $1 60. Kd4 Re2 61. Rf7 f2 62. Kd3 Ra2 63. Ke3 Rxa7 $2 {[%mdl 8192]} (63... Ra3+ $11 64. Kd2 (64. Kxf2 Ra2+ 65. Kf1 Ra1+ 66. Ke2 Re1+ 67. Kd3 Re3+ 68. Kxe3 $11) 64... Ra2+ 65. Kc3 Ra3+ 66. Kc4 Ra4+ 67. Kd5 Ra5+ 68. Kc4 Ra4+ 69. Kd5 Ra5+ 70. Kc4 Ra4+) 64. Rxf2 (64. Rxa7+ $142 Kxa7 65. Kxf2 Kb6 66. Kg3 Kc6 67. Kf4 Kd7 68. Kf5 Ke7 69. Ke5) 64... Kb7 65. Rf7+ Kb6 66. Rxa7 {Av CentiPawn Loss W=-42/B=-56. Weighted=-82/-103} 1-0

[Event "FISU World University-ch 2020-KO"]
[Site "Online"]
[Date "2020.10.26"]
[Round "1"]
[White "Ivannikau, Maksim"]
[Black "Nieves Cabanes, Jose Manuel"]
[Result "1-0"]
[WhiteElo "2224"]
[BlackElo "2293"]
[Annotator "TA"]
[PlyCount "77"]
[EventDate "2020.10.26"]
[EventType "team-tourn"]
[SourceTitle "playchess.com"]
[Source "ChessBase"]
[SourceQuality "1"]

{[%evp 15,77,24,12,22,22,16,24,15,33,26,130,129,172,174,163,8,6,9,22,7,37,39,57,48,140,140,144,149,558,555,543,536,572,575,599,596,699,666,1437,1392,5070,2121,1416,995,1192,1098,1521,1460,4890,2699,29977,29978,29974,6523,29985,29986,29986,29987,29987,29988,29991,29990,29990,29984]} 1. Nf3 Nf6 2. g3 d5 3. Bg2 c6 4. O-O Bf5 5. d3 h6 6. Nbd2 e6 7. b3 Nbd7 8. Bb2 Bh7 9. e3 {A07: Réti Opening: New York and Capablanca Systems.} Be7 10. Qe2 Qc7 11. e4 {White has an edge.} dxe4 12. dxe4 e5 (12... a5 $11) 13. Nc4 $16 Bxe4 {[#]} 14. Ncxe5 $146 ({Don't do} 14. Nfxe5 $6 Bxg2 15. Kxg2 O-O $14) ({And not} 14. Bxe5 Nxe5 15. Nfxe5 Bxg2 $11) ({Predecessor:} 14. Nfxe5 Bxg2 15. Kxg2 O-O 16. Ng6 fxg6 17. Qxe7 Rae8 18. Qb4 c5 19. Qc3 Rf7 20. Qd3 {1-0 (51) Aguila,G (2281)-Sambuco Salomone,L (2064) Villa Ballester 2004}) 14... Nc5 {[#]} 15. Nd3 $2 (15. Nh4 $1 $18) 15... Bxd3 $1 $11 16. cxd3 O-O $1 17. Rfe1 Nd5 18. Ne5 $36 {[%mdl 2048] White is more active.} Bf6 19. Rac1 Bxe5 (19... Qe7 $14) 20. Bxe5 $16 Qe7 21. Qg4 {[%csl Ge5][%cal Rg4g7]} f5 $2 {[%mdl 8192] This costs Black the game.} (21... f6 $16 {is a better chance.}) 22. Bxd5+ $18 cxd5 23. Qb4 ({Less strong is} 23. Qd4 b6 $16) 23... b6 24. d4 a5 25. Qa3 {[%mdl 64] [#] Pin} f4 26. dxc5 Qd7 27. cxb6 Qh3 28. Qe7 {[%csl Ge5][%cal Re7g7]} Rf7 29. Qh4 Qf5 30. Qxf4 Qh5 31. Qd4 Raf8 32. Rc7 Qf3 33. b7 Rxc7 34. Bxc7 a4 35. b8=Q {White mates.} Rxb8 36. Bxb8 axb3 37. axb3 Qxb3 38. Be5 Qb7 39. Rd1 {Av CentiPawn Loss W=-137/B=-213. Weighted=-134/-276} 1-0

[Event "FISU World University-ch 2020-KO"]
[Site "Online"]
[Date "2020.10.26"]
[Round "1"]
[White "Martynkova, Olena"]
[Black "Fernandez Rivero, Karla July"]
[Result "1-0"]
[WhiteElo "2222"]
[BlackElo "2025"]
[Annotator "TA"]
[PlyCount "61"]
[EventDate "2020.10.26"]
[EventType "team-tourn"]
[SourceTitle "playchess.com"]
[Source "ChessBase"]
[SourceQuality "1"]

{[%evp 20,61,83,83,89,83,83,69,89,92,122,97,121,132,129,62,170,133,230,219,237,206,342,243,310,321,519,501,515,502,569,559,785,783,777,728,758,743,723,715,846,828,730,697]} 1. d4 Nf6 2. c4 e6 3. g3 Bb4+ 4. Bd2 Qe7 5. Nf3 Ne4 6. Bg2 Nc6 7. O-O Nxd2 8. Nbxd2 d5 9. a3 Bxd2 10. Qxd2 O-O 11. Rac1 Rd8 {E11: Bogo-Indian.} 12. b4 {[#]} a6 $146 ({Predecessor:} 12... dxc4 13. Rxc4 Nb8 14. h4 c6 15. Qc2 a6 16. e3 Nd7 17. Ng5 Nf6 18. f4 h6 19. Nf3 {0-1 (39) Rueckert,H (2003)-Esswein,K (2100) Germany 2005}) 13. Qc3 f6 {White is slightly better.} 14. Rfe1 Bd7 15. e4 dxc4 16. Qxc4 Rac8 17. Nd2 (17. e5 $16) 17... Kh8 (17... b5 $14 18. Qd3 e5) 18. Nb3 Be8 (18... e5 $16 {might work better.}) 19. f4 Bf7 20. d5 Na7 (20... exd5 $142 21. exd5 {[%mdl 64] Discovered Attack} Qf8) 21. Nc5 Nb5 22. Nxb7 Rd7 $2 {[#]} (22... Re8 23. dxe6 Bxe6) 23. Nc5 $18 {White is clearly winning.} Rd6 24. dxe6 Bxe6 25. Nxe6 Qxe6 26. Qxe6 Rxe6 27. Bh3 {[%mdl 64] [#] Skewer} Ree8 28. Bxc8 Rxc8 29. a4 Nd4 30. Kf2 Kg8 31. Rc4 {Av CentiPawn Loss W=-21/B=-59. Weighted=-26/-60} 1-0

[Event "FISU World University-ch 2020-KO"]
[Site "Online"]
[Date "2020.10.26"]
[Round "1"]
[White "Srija, Seshadri"]
[Black "Albornoz Cabrera, Carlos Daniel"]
[Result "0-1"]
[WhiteElo "2219"]
[BlackElo "2573"]
[Annotator "TA"]
[PlyCount "90"]
[EventDate "2020.10.26"]
[EventType "team-tourn"]
[SourceTitle "playchess.com"]
[Source "ChessBase"]
[SourceQuality "1"]

{[%evp 24,90,29,29,1,3,80,0,10,14,21,6,31,0,14,-4,-9,-107,10,-74,-60,-176,-175,-202,-207,-167,-173,-204,-168,-419,-409,-533,-412,-636,-630,-636,-643,-613,-586,-736,-671,-994,-926,-1091,-1076,-1028,-970,-903,-866,-1125,-1123,-1101,-1047,-1025,-1010,-1009,-1001,-994,-964,-2008,-1825,-29971,-29967,-29988,-29989,-29989,-29990,-29991,-29988]} 1. e4 c5 2. Nf3 d6 3. d4 cxd4 4. Nxd4 Nf6 5. Nc3 a6 6. Bc4 e6 7. Bb3 b5 8. O-O Be7 9. Qf3 Qb6 10. Be3 Qb7 11. Qg3 O-O 12. Bh6 Ne8 13. Rad1 Bd7 {B87: Sicilian Scheveningen/Najdorf: 6 Bc4, with early ...b5.} 14. Rfe1 Nc6 {[#]} (14... Bf6 $11) 15. Nf3 {[#]} (15. Nd5 $1 $16) 15... a5 $146 {aiming for ...a4.The position is equal.} ({Predecessor:} 15... Bf6 16. Bg5 Bxc3 17. bxc3 Kh8 18. Bf4 e5 19. Bg5 Be6 20. Bxe6 fxe6 21. Nh4 Kg8 {0-1 (37) Tyurin,A (2021)-Shevchenko,K (2554) Minsk 2018}) 16. a4 $1 bxa4 17. Nxa4 Rb8 18. Bg5 Bxg5 19. Nxg5 Qb4 20. e5 (20. Nc3 $11 {remains equal.}) 20... dxe5 (20... Nxe5 $17 {...h6 is the strong threat.} 21. Re4 Qb7) 21. Re4 (21. Ne4 $11) 21... Qe7 $17 22. Nxh7 {Black keeps a firm grip on the game.} (22. Nc5 $15 Qxc5 23. Rxd7) 22... Kxh7 $19 23. Rh4+ Kg8 24. Qh3 {[%csl Gh3][%cal Rh4h8]} f5 {Threatens to win with ...Nf6.} 25. Nc5 Nd4 26. Nxd7 $2 (26. Rh8+ Kf7 27. Qh5+ g6 28. Rxf8+ (28. Rh7+ $2 Ng7 $19) 28... Qxf8 29. Qh7+ Ng7 30. Rxd4 (30. Nxd7 $2 Qd6 $19) 30... exd4 31. Nxd7) 26... Qxd7 27. Rh8+ Kf7 28. Qh5+ (28. Qxf5+ $142 Nf6 29. Rxf8+ Kxf8 30. Qd3) 28... g6 29. Rxf8+ Kxf8 30. Qh8+ Kf7 31. Kh1 Qc7 32. f4 Nf6 33. Qh4 Nxb3 34. fxe5 Qxe5 {Hoping for ...Nc5.} 35. cxb3 Rb4 36. Qh8 Rd4 {[%cal Rd4d1]} 37. Rc1 Qd6 {( -> ...Rd1+)} 38. h3 Rd1+ 39. Rxd1 Qxd1+ {[%mdl 64] [#] Double Attack} 40. Kh2 Qxb3 41. Qa8 Qb6 42. b3 g5 {Black mates.} 43. Kh1 g4 44. hxg4 Nxg4 45. Qf3 Qc7 {Av CentiPawn Loss W=-125/B=-29. Weighted=-108/-32} 0-1

[Event "FISU World University-ch 2020-KO"]
[Site "Online"]
[Date "2020.10.26"]
[Round "1"]
[White "Juhasz, Barbara"]
[Black "Zajic, Milan"]
[Result "0-1"]
[WhiteElo "2211"]
[BlackElo "2467"]
[Annotator "TA"]
[PlyCount "172"]
[EventDate "2020.10.26"]
[EventType "team-tourn"]
[SourceTitle "playchess.com"]
[Source "ChessBase"]
[SourceQuality "1"]

{[%evp 9,172,20,47,38,43,27,79,85,97,94,97,98,89,83,185,174,181,207,195,0,0,0,3,-20,-20,-22,0,0,0,0,0,-18,-20,-50,8,12,0,-20,0,0,0,0,0,0,0,0,0,0,0,0,0,-7,0,0,0,-104,-107,-45,-27,-144,-117,-116,-58,-62,-62,-62,-62,-62,-45,-64,-47,-47,-44,-44,-40,-69,-69,-69,-68,-69,-69,-69,-69,-69,-69,-69,-62,-62,-58,-58,-58,-58,-58,-72,-72,-72,-72,-72,-72,-74,-74,-74,-74,-74,-74,-74,-74,-77,-77,-77,-77,-77,-76,-76,-76,-76,-76,-76,-75,-75,0,-76,-76,-76,-76,-76,-76,-76,-74,-74,-74,-74,-74,-75,-75,-75,-75,-75,-74,-75,-74,-75,-75,-75,-75,-75,-75,-75,-75,-75,-75,-75,-75,-75,-75,-75,-75,-75,-74,-75,-75,-75,-75,-29987,-29988]} 1. e4 g6 2. d4 Bg7 3. Nf3 d6 4. Bc4 c6 5. Nc3 b5 6. Nxb5 {B06: Modern Defence.} d5 $1 {[%cal Rd5c4]} 7. Bb3 Nf6 (7... dxe4 $11 8. Ng5 {[%mdl 64] Double Attack} cxb5 9. Nxf7 {[%mdl 64] Double Attack} Qxd4) 8. Nc3 {[#] White is better.} Nxe4 $146 ({Predecessor:} 8... dxe4 9. Ng5 O-O 10. O-O Bg4 11. Qd2 Bf5 12. Re1 h6 13. Ngxe4 Nxe4 14. Nxe4 Bxd4 15. Qxh6 {1-0 (24) Karpatchev,A (2472)-Hoeschele,H (2187) Ditzingen 2005}) 9. Nxe4 dxe4 10. Ng5 {[%mdl 64] Double Attack} O-O 11. c3 Ba6 (11... c5 $16) 12. h4 $1 $18 {[%cal Rh4h5]} ({Don't do} 12. Nxe4 $6 Nd7 $16) 12... Nd7 13. h5 $1 {Threatens to win with Nxh7!} Nf6 {[#]} 14. Nxh7 $1 {[%mdl 512]} Nxh7 $11 15. hxg6 {Intending Qh5 and mate.} Nf6 16. gxf7+ Rxf7 17. Bg5 Qd7 18. Bxf6 exf6 19. Qh5 {[%mdl 64] Pin} Rb8 20. O-O-O Rxb3 21. axb3 Qd5 (21... Bd3 $1 $15) 22. Qxd5 cxd5 23. Rh5 f5 {White should prevent ...Be2.} 24. Kd2 Rf6 25. Ra1 Bh6+ 26. Ke1 Kg7 27. Ra5 Kg6 28. Rh3 Rd6 29. b4 f4 30. Rh1 Bd3 31. Rxa7 f3 32. g3 (32. Rg1 $11) 32... e3 $17 33. Ra8 Re6 34. Rg8+ (34. Rxh6+ $11 {keeps the balance.} Kxh6 35. fxe3) 34... Kf7 35. Ra8 {[#]} exf2+ (35... Be2 $1 $17 {Hoping for ...exf2+.} 36. Ra7+ Kg6 37. Rxh6+ Kxh6) 36. Kxf2 $15 Be2 $1 {White must now prevent ...Be3+.} 37. Ra7+ Kg6 {aiming for ...Be3+.} 38. Rxh6+ $1 Kxh6 {[%mdl 4096] Endgame KRB-KR} 39. b5 Bxb5 40. Kxf3 Kg5 41. Rg7+ Kf6 42. Rb7 Be2+ 43. Kf2 Bg4 44. Rb5 Re2+ 45. Kf1 Ke6 46. b3 Rb2 47. c4 Bf3 48. cxd5+ Bxd5 49. Ke1 Rg2 50. b4 Rxg3 51. Rb8 Rg2 52. Re8+ Kd7 53. Re5 Kd6 54. Re8 Rb2 55. Rd8+ Ke6 56. Rb8 Kf5 57. Re8 Kf4 58. Re5 Be4 59. Kd1 Ke3 {[%cal Rb2b1]} 60. Rc5 Rb1+ 61. Rc1 Rxb4 62. Rc3+ Bd3 63. d5 Rg4 {[%cal Rg4g1]} 64. Kc1 Rb4 {[%csl Gd3][%cal Rb4b1]} 65. Kd1 Rb8 66. d6 Rd8 67. Rc6 Rf8 {[%cal Rf8f1]} 68. Kc1 Be4 69. Rc3+ Kd4 70. d7 {And now Rc8 would win.} Rd8 ({Don't play} 70... Kxc3 71. d8=Q $11) 71. Rc7 Bf5 72. Ra7 Bxd7 73. Kd2 Bb5 74. Rh7 Bc6 75. Rg7 Ra8 76. Kc2 Rb8 77. Rg3 Be4+ 78. Kd2 Rb2+ 79. Ke1 Bd3 80. Rg8 Re2+ 81. Kd1 Rh2 82. Ke1 Be4 83. Kd1 Bd5 84. Rg3 Bc4 85. Kc1 Bd3 {( -> ...Kc3)} 86. Rg8 $2 {[%mdl 8192] [#]} (86. Kd1 $17) 86... Kc3 $1 {Black used his chance. Av CentiPawn Loss W=-19/B=-5. Weighted=-23/-5} 0-1